La vocazione e la missione della famiglia nella Chiesa e nel mondo contemporaneo (Record n. 206931)

Dettagli MARC
000 -LEADER
campo di controllo lung. fissa 00832npc a2200217Ia 4500
001 - Numero di controllo
campo di controllo dp2/2-53170
003 - Identificatore del numero di controllo
campo di controllo IT-MiCISF
005 - Data e orario dell'ultima transazione
campo di controllo 20230322142128.0
008 - Elementi di lunghezza fissa--Informazione generale
campo di controllo lung. fissa 161014s9999||||xx | und||
040 ## - Fonte della catalogazione
Agenzia catalografica originale IT-MiCISF
Agenzia che fa la trascrizione IT-MiCISF
041 ## - Codice di lingua
Codice di lingua del testo/traccia sonora o titolo separato it
100 ## - Accesso principale -- nome di persona
Nome di persona Sinodo dei vescovi
9 (RLIN) 59754
245 #0 - Formulazione del titolo
Titolo La vocazione e la missione della famiglia nella Chiesa e nel mondo contemporaneo
Complemento del titolo Relazione finale del Sinodo dei vescovi al Santo Padre
260 ## - Pubblicazione, distribuzione, ecc. (stampa)
Luogo di pubblicazione, distribuzione, ecc. Siena; Città del Vaticano
Nome dell'editore, distributore, ecc. Paoline; Libreria Editrice Vaticana
Data di pubblicazione, distribuzione, ecc. 2015
300 ## - Descrizione fisica
Estensione pp. 123
500 ## - Nota generale
Nota generale sinodo, famiglia, magistero, società, cultura, pastorale-familiare, spiritualità-familiare
520 ## - Riassunto, ecc.
Nota di riassunto, ecc. Sinodo dei vescovi, XIV Assemblea Generale Ordinaria, 4-25 ottobre 2015
650 ## - Accesso aggiunto di soggetto--termine topico
Termine topico o nome geografico come accesso pastorale-familiare
9 (RLIN) 56039
942 ## - Dati aggiuntivi (Koha)
Tipo copia default (Koha) DOCUMENTI
Fonte della classificazione o dello schema di collocazione (segnatura) Dewey Decimal Classification
999 ## - Sys Number locale (Koha)
Koha Dewey Subclass [OBSOLETE] si
Dati di copia
Ritirato (status) Perso (status) Danneggiato (status) Non per il presito Biblioteca proprietaria Biblioteca in cui si trova Data d'acquisizione Totale prestiti Collocazione Data ultima operazione Prezzo in vigore dal Tipo copia default (Koha) Nota pubblica
    Buone Condizioni Not For Loan CISF - Milano CISF - Milano 14/10/2016   dp2/2-53170 14/10/2016 14/10/2016 DOCUMENTI Data import 15.10.2016 / by Epidotti, Vaglietti
CREDITS: SOCIETA' SAN PAOLO Via A.Severo, 58 - ROMA (RM) & PERIODICI SAN PAOLO SRL Via Giotto, 36 MILANO & CISF Via Giotto, 36 MILANO & EDIZIONI SAN PAOLO SRL,  Piazza Soncino, 5 CINISELLO BALSAMO (MI) -- ITALY